000 01501nam a22003137a 4500
003 DO-SdBNP
005 20180222092623.0
008 151001 2008 sp a00| 0 spa d
020 _a9788449438462 (o. c.)
020 _a9788449438479 (v. 1)
020 _a9788449438486 (v. 2)
020 _a9788449438496 (v. 3)
040 _aBPMSU
_bspa
_cBPMSU
082 4 _axxxx
_bxxxx
100 1 _aCarreter, Fernando Lázaro
245 1 0 _aNueva cajita de sorpresas /
_cdirección Carlos de Gispert ; ilustración Silvia Pla, María Pascual
260 _aEspaña :
_bOceano,
_c2008.
300 _a3 v. :
_bil. + cd Room ;
_c29 cm.
500 _aExpresión y lenguaje, manualidades didácticas, ejercicios lúdicos para estimular la inteligencia, juegos educativos de todas las variedades imaginables, juegos interactivos, juegos musicales, juegos de mesa con dados y tablero... Una obra de altísimo valor didáctico que se convertirá en el objeto más preciado de los pequeños de la familia.
500 _aIncluye: 1 CD-ROM, 1 CD-Audio, 1 cuaderno de ejercicios, 1 guía de los juegos de mesa y de los juegos musicales, tablero, baraja, cubilete, dados y fichas.
505 _gv. 1 :
_tExpresión y lenguaje
_gv. 2 :
_tManualidades didácticas
_gv. 3 :
_tJuegos educativos
700 1 2 _aGispert, Carlos de,
_edir.
700 1 2 _aPla, Silvia,
_eil.
700 1 2 _aPascual, María
_eil.
910 _a202
942 _2ddc
_cBK
945 _aInventariado, 2018 / BT
956 _aBTAVAREZ
_b10
_d20161101
_fBPMSU
_h0038
999 _c8319
_d8319